000 00694nam a22002177a 4500
005 20240530110929.0
008 220214s2008 ua g 000 p ara d
017 _bمصر. دار الكتب
_a2007/26127
020 _a977427332x
040 _aEG-CaGPL
_cEG-CaGPL
082 0 4 _221
_a811.09\
_bف ف
100 0 _aفاروق شوشة
245 1 0 _aفى حضرة مولاى الشعر /
_cفاروق شوشة
250 _aط. 1
260 _aالقاهرة :
_bالدار المصرية اللبنانية،
_c2007
300 _a167 ص. ؛
_c24 سم.
650 0 7 _2qrmak
_aالشعر العربى
651 _2qrmak
942 _2ddc
_cBK
999 _c66628
_d66628